00282nas a2200109Ia 4500040000800000082002600008245003100034260003400065300002500099650001200124710003600136 cIRU a973 MAC 1896 A087 Or.00aAmerican historical review aNew York :bMacmillan,c1896- av. :bmaps. ;c27 cm 0aHistory2 aAmerican Historical Association